Statystyki dla Języki według flag (poziom łatwy)

Kliknij tutaj aby rozwiązać quiz!

Ogólne statystyki

  • Ten quiz został rozwiązany 17 razy
  • Średni wynik to 16 z 16

Statystyki odpowiedzi

Odpowiedź% Poprawnych
Angielski
100%
Chiński
100%
Czeski
100%
Francuski
100%
Hiszpański
100%
Japoński
100%
Koreański
100%
Niemiecki
100%
Polski
100%
Portugalski
100%
Rosyjski
100%
Ukraiński
100%
Włoski
100%
Holenderski
94%
Węgierski
88%
Litewski
81%

Rozkład punktacji

Percentyl według liczby udzielonych odpowiedzi

Procent ludzi z każdym wynikiem

Twoja historia wyników

Nie rozwiązałeś tego quizu